000 00643nam a2200205Ii 4500
003 JO-AjNU
005 20240504132025.0
008 230605s9999||||xx |||||||||||||| ||und||
040 _aJO-AjNU
_bara
_erda
_cJO-AjNU
041 _aara
050 1 4 _aN65 1964
245 0 0 _aطبيعة الفن ومسؤلية الفنان /
_cتاليف، محمد النويهي
250 _aط2
264 3 1 _aالقاهرة: دار المعرفة ، 1964
336 _atext
_btxt
_2rdacontent
337 _aunmediated
_bn
_2rdamedia
338 _avolume
_bnc
_2rdacarrier
650 4 _aالفن-نظرية الفن- منزلة الفن
_97875
942 _2lcc
_cBK
999 _c4068
_d4068